Statistics for Albums Of 1980

Click here to take the quiz!

General Stats

  • This quiz has been taken 36 times
  • The average score is 10 of 21

Answer Stats

Album Artist % Correct
Back In BlackAC/DC
97%
Blizzard Of OzzOzzy Osbourne
84%
The RiverBruce Springsteen
78%
Scary Monsters (And Super Creeps)David Bowie
72%
Emotional RescueThe Rolling Stones
72%
Zenyatta MondattaThe Police
69%
Double FantasyJohn Lennon & Yoko Ono
56%
Glass HousesBilly Joel
50%
Against The WindBob Seger & The Silve Bullet Band
47%
Hi InfidelityREO Speedwagon
44%
The GameQueen
44%
BoyU2
44%
DukeGenesis
41%
SandinistaThe Clash
41%
Women And Children FirstVan Halen
34%
One Trick PonyPaul Simon
34%
Permanent WavesRush
28%
Wild PlanetB-52s
19%
Cultosaurus ErectusBlue Oyster Cult
16%
Honeysuckle RoseWillie Nelson
13%
PanoramaThe Cars
6%

Score Distribution

Percentile by Number Answered

Percent of People with Each Score

Your Score History

You have not taken this quiz